Faulkner and the Native Keystone : Reading (Beyond) the American South /

Análisis de las novelas más conocidas de William Faulkner, desde una perspectiva regional, global y universal, para revelar sus aportes al canon literario occidental, así como al entendimiento poscolonial de los estereotipos de raza y género presentes en la cultura y la literatura americana y europe...

ver descrição completa

Na minha lista:
Detalhes bibliográficos
Autor principal: Oklopcic, Biljana (autor)
Formato: Livro
Idioma:inglês
Publicado em: Berlín, Alemania : Springer, 2014, c2014
Assuntos:
Acesso em linha:Ver documento en línea
Tags: Adicionar Tag
Sem tags, seja o primeiro a adicionar uma tag!

MARC

LEADER 00000nam^a2200000^a^4500
001 000420785
005 20251023000000.0
009 20260310122519.573
020 |a 978-3-662-43703-2 
037 |a Acervo ITESO - Biblioteca 
041 |a ING 
082 |a 810. 9  |b OKL 
100 |a Oklopcic, Biljana  |e (autor) 
245 1 0 |a Faulkner and the Native Keystone :  |b Reading (Beyond) the American South /  |c B. Oklopcic. 
264 4 |a Berlín, Alemania :  |b Springer,  |c 2014, c2014 
264 2 |a Cham, Suiza :  |b Springer Link [distribución],  |c 2014 
300 |a 1 libro electrónico en línea (XII, 113 p.) 
300 |a 1 recurso en línea 
336 |a datos para computadora  |b cod  |2 rdacontenido 
337 |a computadora  |b c  |2 rdamedio 
338 |a recurso en línea  |b cr  |2 rdasoporte 
506 0 |a Licencias ilimitadas 
520 |a Análisis de las novelas más conocidas de William Faulkner, desde una perspectiva regional, global y universal, para revelar sus aportes al canon literario occidental, así como al entendimiento poscolonial de los estereotipos de raza y género presentes en la cultura y la literatura americana y europea. 
545 0 |a Nacido en New Albany, estado de Mississippi, en 1897, William Faulkner es autor de una amplia y muy reconocida obra literaria que tiene como referente constante el sur de Estados Unidos y de forma más particular la localidad de Oxford, sede de la Universidad de Mississippi y escenario transfigurado en el imaginario condado de Yoknapatawpha, un espacio dominado por los conflictos y tensiones raciales entre negros y blancos, entre el pasado y el presente, entre el bien y el mal. El volumen de poesía El fauno de mármol (1924) y la novela La paga del soldado (1926) preceden al gran ciclo narrativo de Faulkner: novelas como Mosquitos (1927), Sartoris (1929), El sonido y la furia (1929), Mientras agonizo (1930), Santuario (1931), Luz de agosto (1932), Absalón, Absalón (1936) y Las palmeras salvajes (1939) o los relatos reunidos en Desciende, Moisés (1942) dan cuenta de audaces experimentos formales, cuyo autor fue galardonado con el Premio Nobel en 1949. En la ciudad (1957) y La mansión (1959), que integran una trilogía junto con la precedente El villorrio (1940), y Los rateros (1962) sobresalen entre las obras posteriores de Faulkner, fallecido en Oxford en 1962. 
586 |a Premio Nobel de Literatura 1949 
649 |a XX 
650 |a Mujeres en la Literatura 
650 |a Negros en la Literatura 
650 |a Estereotipo en la Literatura 
650 |a Racismo en la Literatura 
650 |a EUA (Región Sur) en la Literatura 
650 |a Novela Norteamericana -  |x Historia y Crítica -  |x Tema Principal 
650 |a Literatura Norteamericana -  |x Historia y Crítica 
650 |a Literatura -  |x Historia y Crítica 
650 |a Faulkner, William -  |x Tema Principal 
856 4 0 |u https://link-springer-com.ezproxy.iteso.mx/10.1007/978-3-662-43703-2  |y Ver documento en línea 
910 |a Fondo General 
920 |a Electrónicos - Libros en Línea 
930 |a Plataforma Digital 
940 |a Literatura 
905 |a 205 
901 |a 420785-1  |b IT2  |c EBO  |i C172346  |u 20250521 
902 |a https://opac.biblio.iteso.mx/vufind/Record/000420785